000 00605nam a22001937a 4500
005 20260227094635.0
008 260227b |||||||| |||| 00| 0 eng d
020 _a9781394304707 (pbk)
040 _cPK-LaUMT
082 _a657.072
_bWEI-A
100 _aWeirich, Thomas R.
_99553
245 _aAccounting and auditing research :
_btools and strategies /
_cby Thomas R. Weirich, Natalie T. Churyk and Thomas C. Pearson
250 _a11th ed.
260 _aBoschstr :
_bJohn Wiley,
_c2025
300 _a251 p.
650 _aAccounting-Research
_99554
650 _aAuditing-Research
_99555
942 _cBK
999 _c139927
_d139927